000 00279nam a2200109Ia 4500
008 230907s9999||||xx |||||||||||||| ||und||
082 _a621.312429,KJE
100 _aKjeang, Erik.
_9115124
245 0 _aMicrofluidic fuel cells and batteries /
300 _apages cm
942 _cBK
999 _c597638
_d597638